000 004050000a22001810004500
650 _aTechnology
650 _aApplied sciences
082 _a600
_bH115t
530 _aM
100 _aHacker, Michael
100 _aBarden, Robert A.
245 _aTechnology in your world
260 _aNew York
_bDelmar Publishers
260 _c1987
041 _aEng
300 _axiv, 427p.
_bphotos
942 _cGEN
999 _c7558
_d7558